000 00380nam a2200157Ia 4500
008 221030s9999 xx 000 0 und d
020 _a0070486689
041 _aEnglish
082 _a105.23
_bHil
100 _aC. W. L. Hills
245 0 _aInternational Business
_cby C. W. L. Hills
260 _bTMH
_aNew Delhi
_c2003
300 _a703
650 _aBE Management
942 _cBK
999 _c8174
_d8174